Normal view
MARC view
Entry Personal Name
001 - CONTROL NUMBER
- control field: 18951
003 - CONTROL NUMBER IDENTIFIER
- control field: OSt
005 - DATE AND TIME OF LATEST TRANSACTION
- control field: 20211105134339.0
008 - FIXED-LENGTH DATA ELEMENTS
- fixed length control field: 211105|| aca||aabn | a|a d
040 ## - CATALOGING SOURCE
- Original cataloging agency: OSt
- Transcribing agency: OSt
100 ## - HEADING--PERSONAL NAME
- Personal name: Dewitt, Huge E., ed
670 ## - SOURCE DATA FOUND
- Source citation: Work cat.: (OSt): NATO Advanced Research Workshop California 1986 Aug. 4-9 18950, Strongly coupled plasma physics, 1987